02581cam a22005894i 4500003000900000005001700009008004100026020001500067020001800082035002700100040004300127049000900170082001900179100003100198245005300229250002200282264005100304300005500355336002100410337002500431338002300456505072200479526001001201526001001211526001001221526001001231526001001241526000901251526000901260526000901269526000901278526000901287526000901296526000901305526000901314526000901323526000901332526000801341526000801349526000801357526000801365526000801373526000801381650002801389910000901417942001201426949015501438949014301593980005501736999001701791952018301808PE-LiUPU20250731170444.0150625s2005 mx a r 000 0 spa d a9701044673 a9789701044674 a(Sirsi) i9789701044674 aPE-LiUPUbspacPE-LiUPUdPE-LiUPUerda aPRUA04a150.9bH772211 aHothersall, David,eautor.10aHistoria de la Psicología /cDavid Hothersall. aCuarta edición. 1aMéxico :bMcGraw-Hill Interamericana,c2005. a641 páginas :bilustraciones ;c23 centímetros atext2rdacontent aunmediated2rdamedia avolume2rdacarrier0 aLa psicología en la antigüedad -- Antecedentes filosóficos y científicos de la psicología -- Primeros estudios del sistema nervioso central -- Wilhelm Wundt y la fundación de la psicología -- Edward Titchener y Hugo Münsterberg -- Psicólogos alemanes del siglo XIX y principios del XX -- La psicología de la Gestalt en Alemania y Estados Unidos -- Historia de la psicología clínica y desarrollo del psicoanálisis -- Darwin, Galton, Cattell, James y Hall -- El funcionalismo en las universidades de Chicago y Columbia -- Usos y abusos históricos de las pruebas de inteligencia -- Las investigaciones de Iván Pavlov y el onductismo de John B. Watson -- Cuatro psicólogos neoconductistas. aSEG68 aSEG70 aSEG69 aSEG67 aSEG43 aP144 aP143 aP131 aP122 aP120 aP117 aP112 aP110 aP106 aP101 aP80 aP59 aP54 aP35 aP33 aP3004aPsicologíaxHistoria. aemss 2ddccBK a150.9 H77wDEWEYc1i58998d2016-11-29e2016-11-29lCCODEBUL1mBULn51r0sYtBOOKu2015-6-25xSALUD0COMPRAo.STAFF. Colección Ciencias de la Salud a150.9 H77 2005wDEWEYc1iFJ01533lCCODEBUJ1mBUJp35.00r0sYtBOOKu2018-05-23xSALUDzPSICOLOGÍAo.STAFF. Colección General Juliaca 81gALBERTO SANCHEZ Responsable de Automatización c47838d47838 r2025-12-02 00:00:00i6l105o150.9 H77p58998s2023-06-11te1v35.00w2015-06-25xFCSyBKzinventario-2023-12-13102ddc50708GENfP33aBULbBULcGENd2015-06-25eCOMPRAg30.00